La compañía mercantil en Castilla hasta las ordenanzas del Consulado de Bilbao de 1737 : (Record no. 99859)

MARC details
000 -LEADER
campo de control de longitud fija 01069nam a2200289 i 4500
001 - NÚMERO DE CONTROL
campo de control 99859
003 - IDENTIFICADOR DE NÚMERO DE CONTROL
campo de control ES-MaACL
005 - FECHA Y HORA DE LA ÚLTIMA TRANSACCIÓN
campo de control 20230906182551.0
007 - CAMPO FIJO DE DESCRIPCIÓN FÍSICA--INFORMACIÓN GENERAL
campo de control de longitud fija t|
008 - DATOS DE LONGITUD FIJA--INFORMACIÓN GENERAL
campo de control de longitud fija 050919s1979 sp ||||1| spa d
020 ## - NÚMERO INTERNACIONAL ESTÁNDAR DEL LIBRO
Número Internacional Estándar del Libro 84-7405-122-3
080 ## - NÚMERO DE LA CLASIFICACIÓN DECIMAL UNIVERSAL
Número de la Clasificación Decimal Universal 347.72(463.01)(04)
100 1# - ENTRADA PRINCIPAL--NOMBRE DE PERSONA
Nombre de persona Martínez Gijón, José.
9 (RLIN) 78117
245 13 - MENCIÓN DEL TÍTULO
Título La compañía mercantil en Castilla hasta las ordenanzas del Consulado de Bilbao de 1737 :
Resto del título legislación y doctrina /
Mención de responsabilidad, etc. José Martínez Gijón.
260 ## - PUBLICACIÓN, DISTRIBUCIÓN, ETC.
Lugar de publicación, distribución, etc. Sevilla :
Nombre del editor, distribuidor, etc. Universidad de Sevilla,
Fecha de publicación, distribución, etc. 1979.
300 ## - DESCRIPCIÓN FÍSICA
Extensión 278 p. ;
Dimensiones 21 cm.
490 1# - MENCIÓN DE SERIE
Mención de serie Anales de la Universidad Hispalense
490 1# - MENCIÓN DE SERIE
Mención de serie Publicaciones de la Universidad de Sevilla. Derecho ;
Designación de volumen o secuencia 37
610 24 - PUNTO DE ACCESO ADICIONAL DE MATERIA--NOMBRE DE ENTIDAD CORPORATIVA
Nombre de entidad corporativa o nombre de jurisdicción como elemento de entrada Consulado de Bilbao.
9 (RLIN) 173763
650 #4 - PUNTO DE ACCESO ADICIONAL DE MATERIA--TÉRMINO DE MATERIA
Término de materia o nombre geográfico como elemento de entrada Sociedades-
Subdivisión geográfica Castilla (Reino)
9 (RLIN) 173762
710 2# - ENTRADA AGREGADA--NOMBRE DE ENTIDAD CORPORATIVA
Nombre de entidad corporativa o nombre de jurisdicción como elemento de entrada Universidad de Sevilla.
9 (RLIN) 7301
830 1# - PUNTO DE ACCESO ADICIONAL DE SERIE-TÍTULO UNIFORME
Título uniforme Anales de la Universidad Hispalense
9 (RLIN) 187329
830 1# - PUNTO DE ACCESO ADICIONAL DE SERIE-TÍTULO UNIFORME
Título uniforme Publicaciones de la Universidad de Sevilla. Derecho ;
Designación de volumen o secuencia 37
9 (RLIN) 232415
852 4# - LOCALIZACIÓN
Ubicación ES-MaACL
Número de control de estantería L-208
852 4# - LOCALIZACIÓN
Ubicación ES-MaACL
Número de control de estantería A-10162
Holdings
Estatus retirado Estado de pérdida Estado de daño No para préstamo Biblioteca de origen Biblioteca actual Ubicación en estantería Fecha de adquisición Fuente de adquisición Total de préstamos Signatura topográfica completa Código de barras Visto por última vez Precio de reemplazo Tipo de ítem Koha
        Biblioteca del Ateneo de Madrid Biblioteca del Ateneo de Madrid Depósito 1 17/01/2008     A-10162 1104268 23/02/2023 23/02/2023 Libro impreso
        Biblioteca del Ateneo de Madrid Biblioteca del Ateneo de Madrid Depósito 2 17/01/2008     L-208 1104267 23/02/2023 23/02/2023 Libro impreso